LEADER 01053nam a2200217 i 4500 001 000000042275 003 CaOOAMICUS 005 20090528000000.0 008 090528s1934 it u000 u ita u 013 $a13445 040 $aSeMil$bita 100 1 $aFaulhaber, Michael : von .$0(OLS)http://semarc/name/20910 245 10$aGiudaismo, Cristianesimo, Germanesimo :$bprediche tenute in S. Michele di Monaco nell'Avvento del 1933 /$cFaulhaber traduzione di Giuseppe Ricciotti. 260 $aBrescia :$bMorcelliana,$c1934. 300 $a179 p. ;$c19 cm. 650 4$aPredicazione - Studi.$0(OLS)http://semarc/subject/1679 700 1 $aRicciotti, Giuseppe,$d<1890-1964>.$0(OLS)http://semarc/name/10747 850 $aSeMil 852 $aSeMil$W1$xVenegono$y1$m2A II 155$j8430$B8430$CSeMilBibl$Z2$F8430 $81 996 $6245$aGiudaismo, Cristianesimo, Germanesimo :$bprediche tenute in S. Michele di Monaco nell'Avvento del 1933$9(OLS)http://semarc/title/61591 996 $6260$aBrescia :$bMorcelliana$9(OLS)http://semarc/publisher/29629 LEADER 01119nam a2200265 i 4500 001 000000057002 003 CaOOAMICUS 005 20130111000000.0 008 130111s1982 it u000 u ita u 013 $a28174 040 $aSeMil$bita 100 1 $aZalecki, Marian .$0(OLS)http://semarc/name/28041 240 10$aTheology of a Marian shrine Our Lady of Czestochowa.$0(OLS)http://semarc/title/88660 245 13$aLa Madonna di Czestochowa /$cMarian Zalecki ; Prefazione di René Laurentin. 250 $a2. ed. 260 $aBrescia :$bQueriniana,$ccopyr. 1982. 300 $a198 p. ;$c22 cm. 500 $aContiene : Bibliografia. 650 4$aCz?stochowa - Santuario di Jasna Góra.$0(OLS)http://semarc/subject/46455 700 1 $aLaurentin, René,$d<1917-2017>.$0(OLS)http://semarc/name/89095 850 $aSeMil 852 $aSeMil$W1$xVenegono$y1$m2L III 179$j23156$B23156$CSeMilBibl$Z2$F23158 $81 961 $aOmaggio: Donazione 996 $6245$aLa Madonna di Czestochowa$9(OLS)http://semarc/title/88659 996 $6260$aBrescia :$bQueriniana$9(OLS)http://semarc/publisher/29615 LEADER 01031nam a2200229 i 4500 001 000000037243 003 CaOOAMICUS 005 20260113145543.0 008 101223s1991 it u000 u ita u 040 $aSeMil$bita 245 10$aLezionario /$cOrdine delle suore del SS.mo Salvatore detto di santa Brigida. 264 1$aRoma :$bTipografia Poliglotta Vaticana,$c1991. 300 $a62 p., 1 c. di tav. ;$c31 cm. 650 4$aLibri liturgici - Messale romano - Propri religiosi.$0(OLS)http://semarc/subject/7345 650 4$aLibri liturgici - Lezionario romano.$0(OLS)http://semarc/subject/6672 710 0 $aOrdine delle Suore del Santissimo Salvatore.$0(OLS)http://semarc/name/17746 850 $aSeMil 852 $aSeMil$W1$xVenegono$y1$m3KK V 1$j265993$B3398$CSeMilBibl$Z2$F3398 $8I 961 $aOmaggio: Rimoldi mons. Antonio 996 $6245$aLezionario$9(OLS)http://semarc/title/52049 996 $6264$aRoma :$bTipografia Poliglotta Vaticana$9(OLS)http://semarc/publisher/30471